I NUMERI 7 DELLA SERIE A - Statistics

Statistiche generali
  • Questo quiz è stato fatto 184 volte
  • Il punteggio medio è 13 su 17
Statistiche sulle risposte
Hint Risposta % Corretto
JUVENTUS CONCEICAO
94%
ROMA PELLEGRINI
91%
MILAN MORATA
88%
BOLOGNA ORSOLINI
87%
ATALANTA CUADRADO
85%
NAPOLI NERES
85%
FIORENTINA SOTTIL
83%
INTER ZIELINSKI
82%
COMO STREFEZZA
79%
TORINO KARAMOH
78%
LAZIO DELE-BASHIRU
76%
PARMA BENEDYCZAK
73%
UDINESE SANCHEZ
68%
VENEZIA ZAMPANO
67%
LECCE MORENTE
59%
HELLAS VERONA LAMBOURDE
51%
EMPOLI SAMBIA
42%
Nessun quiz corrispondente trovato
Distribuzione punteggi
Percentuale di utenti per punteggio
Percentile per numero di risposta
I tuoi punteggi nel tempo
Non hai fatto questo quiz